000 00515nam#a2200217#c#4500
003 IEF
005 20180219150713.0
008 941205s1978 uuu####fr####| 0||u| |u
040 _aIEF
100 1 _aBacon, Robert
_92968
245 _aBritains economic problem
250 _a2nd. ed.
260 _a[London
_b MacMillan]
_c1978
300 _aXV, 255 p.
_c23 cm.
500 _aIndices
650 4 _aSITUACION ECONOMICA
_948445
650 4 _aREINO UNIDO
_948241
942 _cLIB
942 _z37137
999 _c9747
_d9747